01122 a2200193 45000010006000000050017000060080041000230030015000640400040000790800104001192450038002230200018002612640032002793000019003115050464003300410008007941000031008028560095008335022920260407155802.0260407a1984 arg spa dAR-UNSa-BCEJYS aAR-UNSa-BCEJYSbspacAR-UNSa-BCEJYS a330.1xCiencia económica. Conceptos fundamentales de teoría económica. Valor. Capital. Fondos10aEconomía, ciencia e ideología a950-9109-24-X 1aBuenos Aires :bTesisc1984 a201 p.c22 cm. a1. Conocimiento económico - 2. Conceptos teóricos - 3. Estática, dinámica, equilibrio - 4. Equilibrio económico - 5. Casualidad, interacción - 6. Estructura, estructuralismo - 7. Valores, juicios de valor - 8. Liberalismo, Laissez-Faire - 9. Marxismo - 10. Imperialismo, nacionalismo, dependencia - 11. Crecimiento, desarrollo, poder económico, defensa nacional - 12. Planeamiento, cooperación, competencia - 13. Keynes - 14. ¿Monetarismo? .  aspa1 aVázquez-Presedo, Vicente41uhttps://biblioeco.unsa.edu.ar/pmb/images/libros/L128614.jpgyImagen de portadaqimage/jpeg